00358 a2200145 4500003000500000005001700005020001800022040000900040245005900049250002000108260003400128300000900162500001100171650003000182Nust20170207164553.0 a0-471-43497-3 cNust aCALCULUS EARLY TRANSCENDENTALS (E BOOK)cHoward Anton aSeventh Edition aUSAbJohn Wiley & Sonsc2002. a730p aE BOOK aSolutionsManual-Caclculus